000 00775cab a2200241 4500
001 WB3244-34
008 090401t1996 xxu||||| |||| 00| 0 eng d
035 _a(Sirsi) u56304
041 _aeng
245 _aFarmers lose NVZ case
260 _c1996
350 _a0
490 _aFarmer`s Guardian
_v15 November 1996, 1(1)
520 _aA group of farmers failed to win HC approval to take their test case challenge staight to the European Court of Justice regarding the effect of of the imposition of NVZs on the value of their farms.
650 _aEC DIRECTICES
650 _aLOSS OF VALUE
650 _aNITRATE VULNERABLE ZONES
650 _aNITRATES DIRECTIVE
650 _aPROPERTY VALUES
690 _aRURAL PRACTICE
942 _n0
948 _c04/03/1997
999 _c34336
_d34336